| 000 | 00736nam a22001577a 4500 | ||
|---|---|---|---|
| 003 | OSt | ||
| 005 | 20151005131233.0 | ||
| 008 | 151005b xxu||||| |||| 00| 0 eng d | ||
| 040 | _cRUA | ||
| 082 | _aAVM CHO 2005 B075 Or.1 | ||
| 100 |
_92032 _aCHOUN VALY |
||
| 245 | _aEffect of soybean cake utilization on performance of growing pigs at royal university of agriculture, (ឥទ្ធិពលនៃការប្រើប្រាស់កាកសណល់សណ្ដែកសៀងលើការលូតលាស់ជ្រូកសាច់ នៅសាកលវិទ្យាល័យភូមិន្ទកសិកម្ម) | ||
| 260 |
_aphnom penh _bRUA _c2005 |
||
| 300 |
_avii, 39p. _bill. _c29cm. |
||
| 942 |
_2ddc _cAVM |
||
| 999 |
_c1919 _d1919 |
||